|
|
|
|
| LEADER |
01116nam a22002657a 4500 |
| 001 |
40838 |
| 003 |
BD-DhAAL |
| 008 |
230207r20141971bg ||||| |||| 00| 0 ben d |
| 020 |
|
|
|a 9789841107192
|
| 040 |
|
|
|a BD-DhAAL
|c BD-DhAAL
|
| 041 |
|
|
|a ben
|
| 082 |
|
|
|a 823.5
|2 23
|
| 100 |
|
|
|a আহমদ, আবুল মনসুর
|
| 245 |
|
|
|a গালিভরের সফরনামা /
|c আবুল মনসুর আহমদ.
|
| 246 |
|
|
|a Galivarer sofor nama
|
| 260 |
|
|
|a ঢাকা :
|b আহমদ পাবলিশিং হাউস,
|c ১৯৭১ [নবম মুদ্রণ ২০১৪].
|
| 300 |
|
|
|a ১৩৬ পৃষ্ঠা ;
|c ২২ সে.মি.
|
| 526 |
|
|
|a GenEd
|
| 541 |
|
|
|a Development Book Agency
|e 40838
|
| 650 |
|
|
|a Voyages, Imaginary
|x Early works to 1800.
|9 6891
|
| 650 |
|
|
|a Travelers
|x Fiction.
|9 39944
|
| 852 |
|
|
|a Ayesha Abed Library
|c General Stacks
|
| 942 |
|
|
|2 ddc
|c BK
|
| 999 |
|
|
|c 45392
|d 45392
|
| 952 |
|
|
|0 0
|1 0
|2 ddc
|4 0
|6 823_500000000000000_AHM
|7 0
|9 73003
|a SCL
|b SCL
|c GEN
|d 2023-01-15
|e Development Book Agency
|g 170.00
|l 0
|o 823.5 AHM
|p 3020040838
|r 2024-11-25
|t 1
|v 170.00
|w 2023-01-15
|y BK
|